[Event "Challenge"]
[Site "http://www.queenalice.com/game.php?id=161018"]
[Date "2007.1.30"]
[Round "-"]
[White "kfe"]
[Black "bpj"]
[Result "1-0"]
[WhiteElo "1361"]
[BlackElo "1500"]

1. e4 e5 2. Nf3 Nc6 3. c3 Nf6 4. d3 d5 5. Qa4 Bd7 6. Qb3 Bc5 7. Ng5 Qe7 8. exd5
Nxd5 9. Qxb7 Rb8 10. Qa6 O-O 11. Qc4 Be6 12. Qe4 Qd6 13. Qxh7# 1-0

[Event "Challenge"]
[Site "http://www.queenalice.com/game.php?id=161041"]
[Date "2007.1.30"]
[Round "-"]
[White "maf717"]
[Black "bpj"]
[Result "0-1"]
[WhiteElo "1546"]
[BlackElo "1186"]

1. e3 e5 2. g3 f5 3. h3 Nf6 4. Bg2 d5 5. Ne2 Bc5 6. d4 Bb4+ 7. c3 Ba5 8. O-O Bd7
9. b4 Bb6 10. a4 e4 11. Nf4 Nc6 12. Bb2 g5 13. Nh5 Qe7 14. Nxf6+ Qxf6 15. Qh5+
Qg6 16. Qe2 O-O-O 17. b5 Na5 18. Na3 f4 19. exf4 gxf4 20. g4 Nb3 21. Rab1 f3 22.
Bxf3 exf3 23. Qxf3 Nd2 24. Qxd5 Nxb1 25. Rxb1 Rde8 26. c4 c6 27. bxc6 bxc6 28.
Qg2 Re4 29. f3 Re3 30. Kh2 Qd3 31. Rf1 Re2 32. Rf2 Rhe8 33. Bc1 Bc7+ 34. f4 Qd1
35. Kg3 Qxc1 36. Rxe2 Qxf4+ 37. Kh4 Qh6# 0-1

[Event "Let's Play Chess!"]
[Site "http://www.queenalice.com/game.php?id=161047"]
[Date "2007.1.30"]
[Round "-"]
[White "maf717"]
[Black "bpj"]
[Result "1-0"]
[WhiteElo "1534"]
[BlackElo "1267"]

1. e3 e6 2. d4 d5 3. a3 Nf6 4. h3 Nbd7 5. g3 c5 6. Bg2 Bd6 7. b3 b6 8. Ne2 Ba6
9. Bb2 O-O 10. dxc5 Bxc5 11. Nbc3 Ne5 12. O-O Rc8 13. Na4 Ne4 14. Bxe5 Bd6 15.
Bxd6 Qxd6 16. Bxe4 b5 17. Nac3 Rcd8 18. Bg2 Bb7 19. Nxb5 Qc5 20. Nec3 a6 21. b4
Qb6 22. Nd4 e5 23. Na4 Qf6 24. Nf3 e4 25. Nd4 Rfe8 26. Nc5 Bc8 27. b5 axb5 28.
Nxb5 Qe7 29. Nb3 Bd7 30. Qxd5 Be6 31. Qxe4 Bd5 32. Qg4 Qb7 33. Bxd5 Rxd5 34.
N3d4 Qc8 35. Qf3 Qc5 36. c4 Qxc4 37. Rfc1 Qd3 38. Qxd5 Qg6 39. Nc7 Re7 40. Qd8+
Re8 41. Qxe8# 1-0

[Event "Let's Play Chess!"]
[Site "http://www.queenalice.com/game.php?id=161048"]
[Date "2007.1.30"]
[Round "-"]
[White "bpj"]
[Black "maf717"]
[Result "0-1"]
[WhiteElo "1317"]
[BlackElo "1539"]

1. d4 d5 2. Nc3 h6 3. Be3 g6 4. Qd3 Bg7 5. O-O-O Nf6 6. Nf3 O-O 7. g3 Bf5 8. Qb5
Na6 9. Qxb7 Qd6 10. Bf4 Qb6 11. Qxb6 cxb6 12. e3 Nb4 13. Be2 Nxc2 14. g4 Nxg4
15. e4 dxe4 16. Ne5 Nxf2 17. Nd7 Bxd7 18. Bb5 Nxh1 19. Bxd7 Nxd4 20. Rxh1 Rad8
21. Bc6 Nxc6 22. Nxe4 e5 23. Bd2 Nd4 24. Bb4 Rc8+ 25. Kd2 Rc2+ 26. Kd1 Rfc8 27.
Bc3 Re2 28. Nd6 Rc6 29. Ne8 Rg2 30. Nxg7 Kxg7 31. Bb4 Nf3 32. Rf1 e4 33. Bc3+
Kh7 34. Bb4 a5 35. Bc3 Rd6+ 36. Kc1 b5 37. Bxa5 Ra6 38. Bb4 Rc6+ 39. Kd1 Rcc2
40. Be1 Rxb2 41. Bc3 Rb1# 0-1

[Event "AUTO-OPEN-538"]
[Site "http://www.queenalice.com/game.php?id=161744"]
[Date "2007.1.31"]
[Round "1"]
[White "od_xavier"]
[Black "bpj"]
[Result "1-0"]
[WhiteElo "1700"]
[BlackElo "1239"]

1. e4 e5 2. Nf3 Nf6 3. Nc3 Nc6 4. d4 exd4 5. Nxd4 Bc5 6. Be3 O-O 7. Bc4 d6 8. h3
Be6 9. Nxe6 fxe6 10. Bxe6+ Kh8 11. Qe2 Qe7 12. Bf5 Qe5 13. O-O-O g6 14. f4 Nd4
15. fxe5 Nxe2+ 16. Nxe2 gxf5 17. Bxc5 dxc5 18. exf6 fxe4 19. Ng3 Rxf6 20. Nxe4
Re6 21. Nxc5 Re5 22. Nxb7 Rb8 23. Rhf1 Rxb7 24. Rd7 Re8 25. b3 Rbb8 26. Rxc7
Rbc8 27. Rxa7 Rf8 28. Re1 Rce8 29. Rd1 Ra8 30. Rad7 Kg8 31. g4 Rxa2 32. h4 Ra1+
33. Kb2 Rxd1 34. Rxd1 Rf4 35. Rg1 Kf7 36. Ka3 Rf6 37. c4 Rf4 38. Ka4 Ke6 39. Kb5
1-0

[Event "AUTO-OPEN-538"]
[Site "http://www.queenalice.com/game.php?id=161745"]
[Date "2007.1.31"]
[Round "1"]
[White "bpj"]
[Black "od_xavier"]
[Result "0-1"]
[WhiteElo "1270"]
[BlackElo "1635"]

1. e4 e5 2. Nf3 Nc6 3. Nc3 Nf6 4. d4 d6 5. Bc4 Be6 6. Bg5 Bxc4 7. b3 Ba6 8. Nd5
Be7 9. dxe5 dxe5 10. Nxe5 Nxe5 11. c4 O-O 12. O-O Qd6 13. f3 Rad8 14. Qc1 c6 15.
Nxf6+ Bxf6 16. c5 Qd4+ 17. Qe3 Qxe3+ 18. Bxe3 Bxf1 19. Kxf1 Nxf3 20. Rc1 Nxh2+
21. Kg1 Ng4 22. Bd2 Rxd2 23. Re1 Rxa2 24. Rf1 Ne3 25. Re1 Nxg2 26. Kf1 Nxe1 27.
Kxe1 Rd8 0-1

[Event "AUTO-OPEN-538"]
[Site "http://www.queenalice.com/game.php?id=161770"]
[Date "2007.1.31"]
[Round "1"]
[White "appalachia"]
[Black "bpj"]
[Result "1-0"]
[WhiteElo "1358"]
[BlackElo "1392"]

1. c4 e5 2. d4 Nc6 3. dxe5 Nxe5 4. e3 c5 5. Nc3 Nf6 6. Nd5 Be7 7. Nxf6+ Bxf6 8.
Qa4 O-O 9. Bd2 d6 10. Qa5 b6 11. Qa4 Bg4 12. f3 Qd7 13. Qxd7 Bxd7 14. Rb1 Ba4
15. b3 Bc6 16. e4 Rad8 17. Ne2 Nd3+ 18. Kd1 d5 19. Rg1 Bb2 20. Nc3 1-0

[Event "AUTO-OPEN-538"]
[Site "http://www.queenalice.com/game.php?id=161771"]
[Date "2007.1.31"]
[Round "1"]
[White "bpj"]
[Black "appalachia"]
[Result "0-1"]
[WhiteElo "1320"]
[BlackElo "1375"]

1. e4 d5 2. Nc3 dxe4 3. Nxe4 e5 4. Nf3 b6 5. Bb5+ c6 6. Bc4 Be6 7. d3 Qe7 8. Bg5
Qb4+ 9. Qd2 Qxb2 10. O-O Qb4 11. Rab1 Qxd2 12. Nfxd2 Bxc4 13. dxc4 Be7 14. Bxe7
Nxe7 15. Nd6+ Kf8 16. N2e4 c5 17. Rbd1 Nbc6 18. f4 a6 19. fxe5 Nxe5 0-1

[Event "AUTO-BEG-97"]
[Site "http://www.queenalice.com/game.php?id=206197"]
[Date "2007.5.4"]
[Round "1"]
[White "fernandosoares"]
[Black "bpj"]
[Result "1-0"]
[WhiteElo "1295"]
[BlackElo "1305"]

1. e4 e5 2. b4 Nf6 3. Nf3 Nc6 4. a3 b5 5. Bxb5 a6 6. Bc4 Bd6 7. Qe2 O-O 8. d3
Nd4 9. Nxd4 exd4 10. O-O c5 11. bxc5 Bxc5 12. c3 1-0

[Event "AUTO-BEG-97"]
[Site "http://www.queenalice.com/game.php?id=206198"]
[Date "2007.5.4"]
[Round "1"]
[White "bpj"]
[Black "fernandosoares"]
[Result "0-1"]
[WhiteElo "1280"]
[BlackElo "1311"]

1. e4 e6 2. Bc4 a6 3. d4 Nc6 4. Nf3 d5 5. exd5 exd5 6. Bg5 Qd7 7. O-O dxc4 8. c3
h6 9. Bf4 g5 10. Be5 g4 11. d5 Na7 12. b3 gxf3 0-1